00650nam a2200205Ia 4500008004100000020001800041041000800059082001200067100002000079245003500099260004400134300000900178500002300187500002300210650001500233700002000248906000700268999001700275952015200292230125s9999 xx 000 0 und d a81-7381-276-4 aeng a658.404 aGhosh S9112332 aProject management and control c1997bNew Central Book AgencyaCalcutta a378p aProject management aProject management aManagement aGhosh S9112332 b25 c89275d89275 02104070aHIMRbHIMRd2000-12-15eMehta book supplierg165.00o658.404 B02335pHIMR-BK-2335r2023-01-25 00:00:00v140.00w2000-12-15yBKzB02335